| 000 | 00527nam a22001697a 4500 | ||
|---|---|---|---|
| 003 | NUST | ||
| 038 | _aNusrat Nadeem | ||
| 082 | _a200 | ||
| 100 |
_aIqbal, Zahid _915032 |
||
| 245 |
_aDepth and Stanley depth of the edge ideals of some classes of graphs/ _cZahid Iqbal |
||
| 264 |
_aIslamabad; _bSNS NUST; _c2020; |
||
| 300 |
_a115,p; _bill; _c30,cm. |
||
| 650 |
_aPhD-Mathematics _9123169 |
||
| 700 |
_aSupervisor;Dr.Muhammad Ishaq _9123730 |
||
| 856 | _u http://10.250.8.41:8080/xmlui/handle/123456789/3837 | ||
| 942 |
_2ddc _cSC |
||
| 999 |
_c609818 _d609818 |
||